El ingenioso hidalgo don Quijote de la Mancha / (Record no. 43559)
[ view plain ]
| 000 -LEADER | |
|---|---|
| campo de control de longitud fija | 01241nam a2200241 i 4500 |
| 001 - NÚMERO DE CONTROL | |
| campo de control | 43559 |
| 003 - IDENTIFICADOR DE NÚMERO DE CONTROL | |
| campo de control | ES-MaACL |
| 005 - FECHA Y HORA DE LA ÚLTIMA TRANSACCIÓN | |
| campo de control | 20250905131044.0 |
| 007 - CAMPO FIJO DE DESCRIPCIÓN FÍSICA--INFORMACIÓN GENERAL | |
| campo de control de longitud fija | t| |
| 008 - DATOS DE LONGITUD FIJA--INFORMACIÓN GENERAL | |
| campo de control de longitud fija | 030318s1900 sp ||||1| spa d |
| 080 ## - NÚMERO DE LA CLASIFICACIÓN DECIMAL UNIVERSAL | |
| Número de la Clasificación Decimal Universal | 821.134.2-31"15" |
| 100 1# - ENTRADA PRINCIPAL--NOMBRE DE PERSONA | |
| Nombre de persona | Cervantes Saavedra, Miguel de, |
| Fechas asociadas al nombre | 1547-1616 |
| 9 (RLIN) | 226514 |
| 240 10 - TÍTULO UNIFORME | |
| Título uniforme | Don Quijote de la Mancha |
| 245 13 - MENCIÓN DEL TÍTULO | |
| Título | El ingenioso hidalgo don Quijote de la Mancha / |
| Mención de responsabilidad, etc. | compuesto por Miguel de Cervantes Saavedra ; edición de fin de siglo ilustrada con dibujos de M. Angel, grabados por Carretero y Sampietro ; y aumentada con un apéndice criticobiográfico por M. Rodríguez-Navas. |
| 260 ## - PUBLICACIÓN, DISTRIBUCIÓN, ETC. | |
| Lugar de publicación, distribución, etc. | Madrid : |
| Nombre del editor, distribuidor, etc. | Saturnino Calleja, |
| Fecha de publicación, distribución, etc. | 1900 ( |
| Fabricante | Imp. Colonial) |
| 300 ## - DESCRIPCIÓN FÍSICA | |
| Extensión | XX, 706 p. ; |
| Dimensiones | 23 cm. |
| 500 ## - NOTA GENERAL | |
| Nota general | En hoja antes del texto: "La presente edición de ciento ochenta y siete ejemplares, terminada de imprimir en 31 de diciembre de 1900, no se destinó a la venta, cada ejemplar fue dedicado a determinada persona". "Pertenece este ejemplar a la Biblioteca del Ateneo Científico y Literario de Madrid" |
| 500 ## - NOTA GENERAL | |
| Nota general | Papel de color salmón. |
| 700 1# - ENTRADA AGREGADA--NOMBRE PERSONAL | |
| Nombre de persona | Ángel, Manuel, |
| Fechas asociadas al nombre | 1855-1921 |
| 9 (RLIN) | 21708 |
| 700 1# - ENTRADA AGREGADA--NOMBRE PERSONAL | |
| Nombre de persona | Rodríguez-Navas, Manuel. |
| 9 (RLIN) | 131977 |
| 852 ## - LOCALIZACIÓN | |
| Ubicación | ES-MaACL |
| Número de control de estantería | B-1678 |
| Estatus retirado | Estado de pérdida | Estado de daño | No para préstamo | Colección | Biblioteca de origen | Biblioteca actual | Ubicación en estantería | Fecha de adquisición | Fuente de adquisición | Total de préstamos | Signatura topográfica completa | Código de barras | Visto por última vez | Precio de reemplazo | Tipo de ítem Koha |
|---|---|---|---|---|---|---|---|---|---|---|---|---|---|---|---|
| Libros del s. XIX | Biblioteca del Ateneo de Madrid | Biblioteca del Ateneo de Madrid | Sala Pardo Bazán | 17/01/2008 | B-1678 | 1045854 | 23/02/2023 | 23/02/2023 | Libro impreso antiguo |
